00300nam a2200109Ia 4500008004100000020001800041100001900059245005100078250001100129260003200140300001800172180205s9999 xx 000 0 und d a9781138101364 aKobre, Kenneth aPhotojournalism :bThe professional's approach a7th ed aNew york :bRoutledgec2017 aii, 564 pages